000
00200 a2200097 4500
001
16803
100
_a
King, Stephen
245
_a
Salem's lot
260
_a
_b
Doubleday & co
_c
090
_c
12668
_d
12668
942
_a
NUST-CAE
_c
M
_c
2967
999
_c
251876
_d
251876